000 00714nam a22001817a 4500
003 UA-OsUOA
001 15477
007 ta
008 20031112b un ||||| |||| 00| 0 ukr d
100 _aДраганчук М.
942 _cSA
040 _aUA-OsUOA
_cUA-OsUOA
_dUA-OsUOA
245 _aШаховий турнір [на честь Петра Грицкевича, голов. лікаря райстоматполіклініки, спортсмена-шахіста, пройшов у спорт. залі Сарнен. педколеджу]
300 _aС.2
955 _a0
773 0 _w0
_tСарненські новини
_dСарни
_d2003
_g№93/23 верес./
650 7 _aГрицкевич П.
_2UDC
999 _c301642
_d301642